000 00430pam a2200181a 44500
008 230405s1986 xxu||||| |||| 00| 0 eng d
041 _aENG
100 _aMikel P Groever
245 _aIndustral Robotier Technology Programming & Applic
250 _a1
260 _a
_bM G H
_c1986
300 _a546P 22 cms
440 _a283
690 _aIMRDA
700 _aRoger N Nagel
700 _aMikchell Weiss
906 _a2402
999 _c255261
_d255261